Statistiken für Nennen Sie die Katzenflaggen

Klicken Sie hier um das Quiz zu spielen!

Allgemein

  • Dieses Quiz wurde 3.559 mal gespielt
  • Das Durchschnittsergebnis liegt bei 10 aus 12

Antwortstatistiken

Antwort% Korrekt
Japan
94%
Zypern
90%
Wales
89%
San Marino
87%
Liechtenstein
86%
Sri Lanka
86%
Uganda
83%
Bangladesch
81%
Bhutan
78%
Antigua und Barbuda
60%
Dominica
58%
Kiribati
58%

Verteilung der Resultate

Perzentil nach korrekt beantworteten Fragen

Anzahl Personen mit jedem Resultat

Ihre Resultats-Entwicklung

Sie haben dieses Quiz noch nicht gespielt